000 00483cam a22001457a 4500
008 180718b2003 xxu||||| |||| 00| 0 eng d
082 _aA99 G747
245 _aA visionary with a mission
_cedited by D. Javare Gowda
260 _aBangalore
_bDirectorate of Kannada and Culture
_c2003
300 _a354p.
650 _aHasidim --United States --Biography
650 _aRabbis --United States --Biography
650 _aMendlowitz, Shraga Feivel, 1886-1948
700 _aGowda, D. Javare
999 _c495297
_d495297